| 000 | 01054nam a2200229Ia 4500 | ||
|---|---|---|---|
| 999 |
_c47135 _d47135 |
||
| 001 | 13993 | ||
| 003 | GE_BSU | ||
| 005 | 20210715171927.0 | ||
| 008 | 181216s||||||||xx |||||||||||||| ||und|| | ||
| 040 | _cGE_BSU | ||
| 041 | _ageo | ||
| 080 | _a342.743 ი-29 | ||
| 100 |
_aიაშვილი, ნინო _91031 |
||
| 245 |
_aსაგადასახადო სამართალი : _bსამაგიდო კრებული მეწარმეთათვის / _cნინო იაშვილი, თეა ჭეიშვილი ; რედ. ელგუჯა ლებანიძე. |
||
| 264 |
_aთბილისი : _bინოვაცია, _c2007. |
||
| 300 |
_a315 გვ. ; _c20 სმ. |
||
| 541 | _h12ლ. | ||
| 653 | _aსაგადასახადო სამართალი | ||
| 653 | _aსამაგიდო კრებული მეწარმეთათვის | ||
| 700 |
_aლებანიძე, ელგუჯა _eრედაქტორი _912273 |
||
| 942 |
_cBK _2udc |
||